[Event "Lloyds Bank Masters 18th"]
[Site "London"]
[Date "1994.08.25"]
[Round "6"]
[White "Bates, Richard"]
[Black "Gufeld, Eduard"]
[Result "0-1"]
[WhiteElo "2285"]
[BlackElo "2440"]
[PlyCount "90"]
[EventDate "1994.08.20"]
[EventType "swiss"]
[EventRounds "10"]
[EventCountry "ENG"]
[SourceTitle "BritBase"]

1. d4 Nf6 2. c4 g6 3. Nc3 Bg7 4. e4 O-O 5. Bg5 d6 6. h3 c5 7. d5 b5 8. cxb5 a6
9. a4 h6 10. Be3 Qa5 11. Bd2 e6 12. Bd3 axb5 13. Nxb5 Qb6 14. dxe6 Bxe6 15. Nf3
d5 16. exd5 Nxd5 17. O-O Nc6 18. Qc1 Na5 19. Ra3 Kh7 20. Re1 Nb4 21. Be4 Nb3
22. Qb1 Nxd2 23. Nxd2 Rad8 24. Nf1 Rfe8 25. Rae3 c4 26. Rg3 f5 27. Bc2 Bf7 28.
Rge3 Rxe3 29. Rxe3 Nd5 30. Re1 Qf6 31. Nc3 Nf4 32. Ne3 Qg5 33. h4 Qxh4 34. g3
Qg5 35. Bxf5 gxf5 36. Qxf5+ Qxf5 37. Nxf5 Bxc3 38. bxc3 Nd5 39. Rc1 Kg6 40.
Nh4+ Kf6 41. Nf3 Ra8 42. Nd2 Rxa4 43. f4 Bg6 44. Nf3 Ra2 45. Ne5 Bd3 0-1

[Event "Lloyds Bank Masters 18th"]
[Site "London"]
[Date "1994.08.25"]
[Round "6"]
[White "Bisby, Daniel L"]
[Black "Povah, Nigel E"]
[Result "0-1"]
[WhiteElo "2150"]
[BlackElo "2370"]
[PlyCount "68"]
[EventDate "1994.08.20"]
[EventType "swiss"]
[EventRounds "10"]
[EventCountry "ENG"]
[SourceTitle "BritBase"]

1. d4 Nf6 2. Nf3 c5 3. c4 cxd4 4. Nxd4 e6 5. g3 d5 6. Bg2 e5 7. Nb3 d4 8. e3
Nc6 9. exd4 Nxd4 10. Nxd4 exd4 11. O-O Be7 12. Bf4 O-O 13. Qd3 Qb6 14. Na3 Be6
15. Nb5 Rac8 16. Rfc1 Rfd8 17. a4 a6 18. a5 Qc5 19. b4 Bxc4 20. bxc5 Bxd3 21.
Nd6 Bxd6 22. Bxd6 Be4 23. Bh3 Rc6 24. Re1 Rcxd6 25. cxd6 Rxd6 26. Rac1 g6 27.
Bg2 Bc6 28. Red1 Nd7 29. Rc4 d3 30. Bxc6 bxc6 31. Rc3 d2 32. f4 Nf6 33. Re3 Rd4
34. Kf2 Ng4+ 0-1

[Event "Lloyds Bank Masters 18th"]
[Site "London"]
[Date "1994.08.25"]
[Round "6"]
[White "Britton, Richard"]
[Black "Clissold, Benjamin"]
[Result "1-0"]
[WhiteElo "2295"]
[BlackElo "2120"]
[PlyCount "97"]
[EventDate "1994.08.20"]
[EventType "swiss"]
[EventRounds "10"]
[EventCountry "ENG"]
[SourceTitle "BritBase"]

1. e4 e6 2. d3 d5 3. Nd2 f5 4. Qe2 Be7 5. Ngf3 Nf6 6. g3 b6 7. e5 Nfd7 8. Bg2
c5 9. O-O Nc6 10. c4 Qc7 11. Re1 d4 12. a3 Bb7 13. b4 a5 14. b5 Nd8 15. h4 Nf7
16. Nf1 O-O-O 17. Ng5 Bxg5 18. hxg5 g6 19. Nh2 h6 20. gxh6 Nxh6 21. Bg5 Rde8
22. f4 Rh7 23. Bxh6 Rxh6 24. Nf3 Reh8 25. Kf2 Nf8 26. Rh1 Rxh1 27. Rxh1 Rxh1
28. Bxh1 Qh7 29. Bg2 Qh5 30. Qf1 Kb8 31. Qg1 Qh7 32. Ng5 Qd7 33. Nf3 Qh7 34.
Ng5 Qd7 35. Qh2 Bxg2 36. Kxg2 Qg7 37. Kf2 Ka7 38. Qh1 Qb7 39. Qh8 Qe7 40. Kg1
Kb7 41. Qh1+ Kb8 42. Qc6 Ka7 43. Qc8 Nd7 44. Qc7+ Ka8 45. Qc6+ Kb8 46. Nxe6 Qh7
47. Qc7+ Ka8 48. Nd8 Nf8 49. Qc8+ 1-0

[Event "Lloyds Bank Masters 18th"]
[Site "London"]
[Date "1994.08.25"]
[Round "6"]
[White "Byway, Paul"]
[Black "Saritha, M Reddy"]
[Result "1-0"]
[WhiteElo "2305"]
[BlackElo "2110"]
[PlyCount "47"]
[EventDate "1994.08.20"]
[EventType "swiss"]
[EventRounds "10"]
[EventCountry "ENG"]
[SourceTitle "BritBase"]

1. c4 f5 2. Nc3 Nf6 3. Nf3 g6 4. d4 Bg7 5. Qc2 d5 6. cxd5 Nxd5 7. Nxd5 Qxd5 8.
e3 Qd6 9. Bc4 Bf6 10. O-O Nc6 11. Rd1 Bd7 12. a3 g5 13. e4 fxe4 14. Qxe4 Na5
15. Ba2 Ba4 16. Bxg5 Bxd1 17. Rxd1 Nc6 18. Bf4 e5 19. Re1 Bg7 20. dxe5 Qc5 21.
Rc1 Qb5 22. Qf5 Rf8 23. Qe6+ Ne7 24. Rxc7 1-0

[Event "Lloyds Bank Masters 18th"]
[Site "London"]
[Date "1994.08.25"]
[Round "6"]
[White "Chandler, Murray G"]
[Black "Levitt, Jonathan"]
[Result "1-0"]
[WhiteElo "2545"]
[BlackElo "2425"]
[PlyCount "104"]
[EventDate "1994.08.20"]
[EventType "swiss"]
[EventRounds "10"]
[EventCountry "ENG"]
[SourceTitle "BritBase"]

1. e4 e6 2. d4 d5 3. Nc3 Bb4 4. e5 c5 5. a3 Bxc3+ 6. bxc3 Ne7 7. a4 Qa5 8. Bd2
Nbc6 9. Nf3 Bd7 10. Bb5 f6 11. Qe2 Qc7 12. O-O fxe5 13. Bxc6 Nxc6 14. Nxe5 Nxe5
15. Bf4 O-O 16. Bxe5 Qa5 17. Rfb1 b6 18. Ra3 c4 19. Bd6 Rf7 20. Bb4 Qa6 21. a5
bxa5 22. Rxa5 Qb6 23. Qe5 a6 24. Re1 Re8 25. Rxd5 h6 26. Rd6 Qb7 27. Qe4 Qxe4
28. Rxe4 Ra8 29. Re5 Ba4 30. Ra5 Bxc2 31. Rxe6 Rf6 32. Rxf6 gxf6 33. f3 Bg6 34.
Kf2 Be8 35. Rc5 Bb5 36. d5 Rd8 37. Ke3 Re8+ 38. Kf4 Kf7 39. Rc7+ Kg6 40. g4 Rd8
41. d6 Rd7 42. Rc8 Rf7 43. Rc5 Rf8 44. h4 Rd8 45. h5+ Kf7 46. Rc7+ Rd7 47. Rc8
Kg7 48. Ke4 Rf7 49. Kd5 f5 50. Bc5 Kf6 51. Rg8 fxg4 52. fxg4 Rh7 1-0

[Event "Lloyds Bank Masters 18th"]
[Site "London"]
[Date "1994.08.25"]
[Round "6"]
[White "Cooper, Lawrence"]
[Black "Hunt, Harriet"]
[Result "1/2-1/2"]
[WhiteElo "2320"]
[BlackElo "2225"]
[PlyCount "41"]
[EventDate "1994.08.20"]
[EventType "swiss"]
[EventRounds "10"]
[EventCountry "ENG"]
[SourceTitle "BritBase"]

1. e4 c6 2. d4 d5 3. exd5 cxd5 4. c4 Nf6 5. Nc3 e6 6. c5 Be7 7. Nf3 b6 8. b4 a5
9. Na4 Nfd7 10. Bb5 O-O 11. Bf4 Ba6 12. Bxa6 Nxa6 13. b5 Nc7 14. Nxb6 Nxb6 15.
cxb6 Nxb5 16. b7 Bb4+ 17. Kf1 Rb8 18. Bxb8 Qxb8 19. Qd3 Qxb7 20. a3 Bxa3 21. g3
1/2-1/2

[Event "Lloyds Bank Masters 18th"]
[Site "London"]
[Date "1994.08.25"]
[Round "6"]
[White "Dhar Barua, Saheli"]
[Black "Basman, Michael John"]
[Result "0-1"]
[WhiteElo "2190"]
[BlackElo "2375"]
[PlyCount "79"]
[EventDate "1994.08.20"]
[EventType "swiss"]
[EventRounds "10"]
[EventCountry "ENG"]
[SourceTitle "BritBase"]

1. e4 h6 2. d4 a6 3. g3 d6 4. Bg2 Nf6 5. Ne2 g5 6. Nbc3 Nc6 7. Nd5 Bg7 8. c3
Nxd5 9. exd5 Nb8 10. Qd3 Nd7 11. f4 g4 12. f5 Nf6 13. Nf4 Qd7 14. Ne6 fxe6 15.
fxe6 Qb5 16. Qg6+ Kd8 17. Qxg7 Re8 18. Rf1 Nxd5 19. Qxh6 c6 20. Rf8 Nc7 21. Bg5
Bxe6 22. Rxe8+ Kxe8 23. Qg7 Bf7 24. O-O-O Ne6 25. Qh8+ Kd7 26. Qxa8 Qxg5+ 27.
Kb1 Nd8 28. d5 Qf5+ 29. Ka1 Qc2 30. dxc6+ Kc7 31. Re1 Qxg2 32. cxb7 Nxb7 33.
Rxe7+ Kb6 34. b3 Bg6 35. a4 Qf1+ 36. Kb2 Qb1+ 37. Ka3 Qa1+ 38. Kb4 a5+ 39. Kc4
Qf1+ 40. Kd5 0-1

[Event "Lloyds Bank Masters 18th"]
[Site "London"]
[Date "1994.08.25"]
[Round "6"]
[White "Duchovny, Eduard"]
[Black "Adianto, Utut"]
[Result "0-1"]
[WhiteElo "2335"]
[BlackElo "2520"]
[PlyCount "50"]
[EventDate "1994.08.20"]
[EventType "swiss"]
[EventRounds "10"]
[EventCountry "ENG"]
[SourceTitle "BritBase"]

1. d4 d5 2. Nf3 Nf6 3. Bf4 g6 4. h3 Bg7 5. e3 O-O 6. Nbd2 c5 7. dxc5 Nfd7 8. c3
Nxc5 9. Nb3 Na4 10. Qd2 Qb6 11. Be5 Bxe5 12. Nxe5 Nc6 13. Nxc6 bxc6 14. Qd4
Nxb2 15. Rb1 Nc4 16. Nd2 Na3 17. Qxb6 axb6 18. Rxb6 Nc2+ 19. Kd1 Rxa2 20. Rxc6
Bd7 21. Ra6 Na3 22. Ra7 Bc6 23. Ra6 Ra1+ 24. Nb1 Rxb1+ 25. Kd2 Rfb8 0-1

[Event "Lloyds Bank Masters 18th"]
[Site "London"]
[Date "1994.08.25"]
[Round "6"]
[White "Duncan, Christopher R"]
[Black "Kunte, Mrunalini"]
[Result "1-0"]
[WhiteElo "2300"]
[BlackElo "2135"]
[PlyCount "47"]
[EventDate "1994.08.20"]
[EventType "swiss"]
[EventRounds "10"]
[EventCountry "ENG"]
[SourceTitle "BritBase"]

1. e4 c5 2. Nc3 e6 3. Nf3 a6 4. g3 Nc6 5. Bg2 d6 6. O-O g6 7. d4 cxd4 8. Nxd4
Nge7 9. Be3 Bg7 10. Qd2 Ne5 11. Qe2 Qc7 12. f4 Nc4 13. Ndb5 axb5 14. Nxb5 Qc6
15. Qxc4 O-O 16. Qb3 Bd7 17. a4 e5 18. c3 Be6 19. Qb4 Nc8 20. b3 Rd8 21. Rad1
Bf8 22. fxe5 d5 23. exd5 Bxd5 24. Qf4 1-0

[Event "Lloyds Bank Masters 18th"]
[Site "London"]
[Date "1994.08.25"]
[Round "6"]
[White "Dunworth, Chris"]
[Black "Davies, Nigel R"]
[Result "0-1"]
[WhiteElo "2220"]
[BlackElo "2510"]
[PlyCount "112"]
[EventDate "1994.08.20"]
[EventType "swiss"]
[EventRounds "10"]
[EventCountry "ENG"]
[SourceTitle "BritBase"]

1. Nf3 Nf6 2. d4 e6 3. Bg5 h6 4. Bxf6 Qxf6 5. e4 c6 6. Bd3 d5 7. Nbd2 Qd8 8.
O-O Nd7 9. c4 dxe4 10. Nxe4 Nf6 11. Qe2 Be7 12. Rfd1 O-O 13. Ne5 Qc7 14. Rac1
Rd8 15. Bb1 Bd7 16. Nxf6+ Bxf6 17. Qc2 Be8 18. f4 g6 19. Qe4 b6 20. a3 a5 21.
Rd3 a4 22. Rcd1 Rd6 23. h4 h5 24. g3 Rad8 25. Kh2 Bg7 26. Bc2 Qa7 27. Qe1 Qa6
28. R1d2 f6 29. c5 bxc5 30. dxc5 Rd5 31. Rxd5 Rxd5 32. Rxd5 cxd5 33. Nxg6 Bf7
34. f5 Qc4 35. Qd1 Qxc5 36. Qd2 e5 37. Bxa4 d4 38. b4 Qc4 39. Ne7+ Kf8 40. Ng6+
Kg8 41. Ne7+ Kh7 42. Bd1 d3 43. Ng6 Bd5 44. g4 hxg4 45. Qf2 Qc1 46. Bxg4 d2 47.
Nxe5 d1=Q 48. Bxd1 Qxd1 49. Ng6 Be4 50. Kg3 Qd3+ 51. Kg4 Qxa3 52. b5 Qd3 53. b6
Bh6 54. b7 Bxb7 55. Nf4 Qe4 56. Qd2 Qf3# 0-1

[Event "Lloyds Bank Masters 18th"]
[Site "London"]
[Date "1994.08.25"]
[Round "6"]
[White "Emms, John M"]
[Black "Quinn, Mark"]
[Result "1/2-1/2"]
[WhiteElo "2535"]
[BlackElo "2305"]
[PlyCount "61"]
[EventDate "1994.08.20"]
[EventType "swiss"]
[EventRounds "10"]
[EventCountry "ENG"]
[SourceTitle "BritBase"]

1. e4 c5 2. Nc3 a6 3. Nf3 d6 4. d4 cxd4 5. Nxd4 Nf6 6. Bc4 e6 7. O-O Be7 8. Bb3
O-O 9. f4 Nbd7 10. Be3 Nc5 11. e5 dxe5 12. fxe5 Nfd7 13. Qh5 g6 14. Qh3 Nxe5
15. Rad1 Qc7 16. Bf4 Bf6 17. Qg3 Bg7 18. Rfe1 f6 19. Ne4 Nxe4 20. Rxe4 Kh8 21.
Kh1 Bd7 22. Ree1 Rae8 23. c3 Qc5 24. Bxe5 fxe5 25. Nf3 Bc6 26. Ng5 Rf2 27. Rg1
Rxb2 28. Qh3 h6 29. Nf7+ Kh7 30. Ng5+ Kh8 31. Nf7+ 1/2-1/2

[Event "Lloyds Bank Masters 18th"]
[Site "London"]
[Date "1994.08.25"]
[Round "6"]
[White "Fink Nunn, Petra"]
[Black "Dive, Russell John"]
[Result "0-1"]
[WhiteElo "2095"]
[BlackElo "2315"]
[PlyCount "90"]
[EventDate "1994.08.20"]
[EventType "swiss"]
[EventRounds "10"]
[EventCountry "ENG"]
[SourceTitle "BritBase"]

1. e4 Nf6 2. Nc3 d5 3. e5 Ne4 4. Nce2 f6 5. Nf3 fxe5 6. d3 Nf6 7. Nxe5 c5 8. c3
Nc6 9. Nxc6 bxc6 10. d4 Qb6 11. dxc5 Qxc5 12. Be3 Qd6 13. Ng3 e5 14. Be2 Be7
15. O-O O-O 16. Qd2 Be6 17. Rad1 Qc7 18. Bd3 Ng4 19. Bg5 Bc5 20. Be3 Nxe3 21.
fxe3 e4 22. Bb1 Qb6 23. Rde1 a5 24. a3 Rxf1+ 25. Kxf1 Bd6 26. Nxe4 Bxh2 27. Ng5
Rf8+ 28. Nf3 Bg3 29. Rd1 Qd8 30. Kg1 Qe8 31. e4 Qh5 32. Qg5 Bf2+ 33. Kf1 Qxg5
34. Nxg5 Bg3+ 35. Nf3 g5 36. Kg1 g4 37. Nd4 Bf2+ 38. Kh1 Bd7 39. g3 Bxg3 40.
Kg2 Bh4 41. Rh1 Rf2+ 42. Kg1 Rxb2 43. Bd3 Bf2+ 44. Kf1 g3 45. Ne2 Rd2 0-1

[Event "Lloyds Bank Masters 18th"]
[Site "London"]
[Date "1994.08.25"]
[Round "6"]
[White "Franklin, Michael J"]
[Black "Lane, Gary William"]
[Result "0-1"]
[WhiteElo "2250"]
[BlackElo "2440"]
[PlyCount "130"]
[EventDate "1994.08.20"]
[EventType "swiss"]
[EventRounds "10"]
[EventCountry "ENG"]
[SourceTitle "BritBase"]

1. c4 f5 2. g3 Nf6 3. Bg2 g6 4. Nc3 Bg7 5. e3 O-O 6. Nge2 e5 7. d3 d6 8. O-O c6
9. h3 Na6 10. Kh2 Bd7 11. b3 Rb8 12. Bb2 Nc7 13. f4 b5 14. Qd2 Qe7 15. cxb5
cxb5 16. Rae1 b4 17. Nd1 e4 18. Bxf6 Bxf6 19. dxe4 fxe4 20. Nf2 d5 21. Rc1 Bb5
22. Rfd1 Bxe2 23. Qxe2 Nb5 24. Re1 Nc3 25. Qd2 Rbc8 26. Rc2 Rfd8 27. Bf1 Kh8
28. Ng4 Bg7 29. Qg2 a5 30. h4 Qe6 31. Qh3 Qf5 32. Nf2 Qxh3+ 33. Nxh3 h6 34. Nf2
Ra8 35. Nd1 a4 36. Nxc3 axb3 37. axb3 bxc3 38. Bb5 Rab8 39. Ba4 Rbc8 40. Rd1 d4
41. exd4 Bxd4 42. Kg2 Rc5 43. Kf1 g5 44. hxg5 hxg5 45. Ke2 gxf4 46. Rh1+ Kg7
47. gxf4 Rf5 48. Rh4 Rd6 49. Ke1 Rg6 50. b4 Bf6 51. Rh1 Rxf4 52. Rch2 Rfg4 53.
Rh7+ Kf8 54. Rc7 Be5 55. Rf1+ Rf6 56. Rxf6+ Bxf6 57. Rc4 Rg2 58. b5 e3 59. Re4
Bg5 60. b6 c2 61. Bxc2 Rxc2 62. b7 Rb2 63. Rg4 Be7 64. Rf4+ Kg7 65. Re4 Bg5 0-1

[Event "Lloyds Bank Masters 18th"]
[Site "London"]
[Date "1994.08.25"]
[Round "6"]
[White "Gant, Chris"]
[Black "Regan, Natasha"]
[Result "0-1"]
[WhiteElo "2285"]
[BlackElo "2115"]
[PlyCount "74"]
[EventDate "1994.08.20"]
[EventType "swiss"]
[EventRounds "10"]
[EventCountry "ENG"]
[SourceTitle "BritBase"]

1. c4 e5 2. Nc3 Nc6 3. Nf3 f5 4. d4 e4 5. Ng5 Be7 6. h4 Nf6 7. e3 d6 8. b3 Ng4
9. Bb2 Bxg5 10. hxg5 Qxg5 11. Qd2 Bd7 12. Nd5 O-O-O 13. Rc1 Rde8 14. c5 Re6 15.
Nxc7 Kxc7 16. d5 Rh6 17. dxc6 Bxc6 18. Rxh6 Qxh6 19. Qxd6+ Qxd6 20. cxd6+ Kxd6
21. Bxg7 Rd8 22. Bc4 Ke7 23. Bd4 b6 24. Be2 Rd6 25. f3 Nf6 26. Kf2 exf3 27.
gxf3 f4 28. Rh1 fxe3+ 29. Bxe3 Ng4+ 30. Ke1 Nxe3 31. Rxh7+ Ke6 32. Rxa7 Nc2+
33. Kf2 Rd2 34. Ra6 Kd5 35. Kf1 Nd4 36. Bc4+ Kc5 37. f4 Bg2+ 0-1

[Event "Lloyds Bank Masters 18th"]
[Site "London"]
[Date "1994.08.25"]
[Round "6"]
[White "Gurevich, Dmitry"]
[Black "Gual Pascual, Antonio"]
[Result "1-0"]
[WhiteElo "2535"]
[BlackElo "2395"]
[PlyCount "67"]
[EventDate "1994.08.20"]
[EventType "swiss"]
[EventRounds "10"]
[EventCountry "ENG"]
[SourceTitle "BritBase"]

1. d4 f5 2. Nf3 Nf6 3. Bg5 e6 4. Nbd2 Be7 5. Bxf6 Bxf6 6. e4 O-O 7. Bd3 d5 8.
exf5 exf5 9. O-O Nc6 10. c3 Qd6 11. Qc2 Bd7 12. Rfe1 g6 13. b4 Rae8 14. b5 Na5
15. Nb3 Nc4 16. a4 c6 17. Nc5 cxb5 18. Rxe8 Bxe8 19. Nxb7 Qb6 20. Nc5 Be7 21.
Qa2 Bxc5 22. dxc5 Qxc5 23. axb5 Rf7 24. Bxc4 dxc4 25. Re1 Bxb5 26. Re5 Qd6 27.
Qe2 a6 28. Nd4 f4 29. h4 f3 30. Nxf3 Qd3 31. Qe1 Bc6 32. Nd4 Ba4 33. Kh2 h6 34.
Rd5 1-0

[Event "Lloyds Bank Masters 18th"]
[Site "London"]
[Date "1994.08.25"]
[Round "6"]
[White "Houska, Jovanka"]
[Black "McMahon, Daire"]
[Result "0-1"]
[WhiteElo "2015"]
[BlackElo "2240"]
[PlyCount "80"]
[EventDate "1994.08.20"]
[EventType "swiss"]
[EventRounds "10"]
[EventCountry "ENG"]
[SourceTitle "BritBase"]

1. e4 e5 2. Nf3 Nc6 3. d4 exd4 4. c3 dxc3 5. Bc4 d6 6. Nxc3 Nf6 7. Qb3 Qd7 8.
Bd5 Nxd5 9. exd5 Ne5 10. Nxe5 dxe5 11. O-O Bd6 12. f4 O-O 13. Ne4 b6 14. Qg3 f6
15. Be3 Bb7 16. Rad1 Rad8 17. h3 exf4 18. Bxf4 Bxf4 19. Rxf4 Kh8 20. Nc3 Qd6
21. Qf3 Rfe8 22. Rc4 b5 23. Rcd4 a6 24. a3 Kg8 25. b4 Qb6 26. Kh2 c6 27. Qh5
Re5 28. Qg4 cxd5 29. Qf3 Qd6 30. Kg1 Qe7 31. Nxd5 Bxd5 32. Rxd5 Re1+ 33. Kf2
Re8 34. R5d3 Qa7+ 35. Rd4 Rxd1 36. Qxd1 Re4 37. Qb3+ Kf8 38. Kf3 Qxd4 39. g3
Re5 40. h4 Qe4+ 0-1

[Event "Lloyds Bank Masters 18th"]
[Site "London"]
[Date "1994.08.25"]
[Round "6"]
[White "Howell, James C"]
[Black "Cohen, Aron"]
[Result "1-0"]
[WhiteElo "2505"]
[BlackElo "2225"]
[PlyCount "47"]
[EventDate "1994.08.20"]
[EventType "swiss"]
[EventRounds "10"]
[EventCountry "ENG"]
[SourceTitle "BritBase"]

1. e4 d6 2. d4 Nf6 3. Nc3 g6 4. g3 Bg7 5. Bg2 O-O 6. Nge2 Nbd7 7. h3 c5 8. O-O
Rb8 9. a4 b6 10. Bg5 Bb7 11. Qd2 cxd4 12. Nxd4 Ne5 13. Rad1 Rc8 14. Rfe1 a6 15.
Nd5 Rc4 16. Bxf6 exf6 17. b3 Rc5 18. c4 Nd7 19. Qf4 Re8 20. Qxd6 Re5 21. Nf3
Bxd5 22. Nxe5 fxe5 23. Rxd5 Rxd5 24. Qxd5 1-0

[Event "Lloyds Bank Masters 18th"]
[Site "London"]
[Date "1994.08.25"]
[Round "6"]
[White "Kaminski, Marcin"]
[Black "Chernin, Alexander"]
[Result "1/2-1/2"]
[WhiteElo "2440"]
[BlackElo "2615"]
[PlyCount "40"]
[EventDate "1994.08.20"]
[EventType "swiss"]
[EventRounds "10"]
[EventCountry "ENG"]
[SourceTitle "BritBase"]

1. e4 g6 2. d4 c6 3. Nf3 Bg7 4. Bd3 d6 5. c3 Nd7 6. O-O Ngf6 7. h3 O-O 8. Re1
e5 9. Be3 Re8 10. Nbd2 Qc7 11. Qc2 b6 12. b4 Bb7 13. a4 Rac8 14. a5 d5 15. axb6
axb6 16. Nxe5 Nxe5 17. dxe5 dxe4 18. Nxe4 Nxe4 19. Bxe4 Bxe5 20. Bf3 Bg7
1/2-1/2

[Event "Lloyds Bank Masters 18th"]
[Site "London"]
[Date "1994.08.25"]
[Round "6"]
[White "Kinsman, Andrew PH"]
[Black "Connell, Blair"]
[Result "1/2-1/2"]
[WhiteElo "2375"]
[BlackElo "2245"]
[PlyCount "93"]
[EventDate "1994.08.20"]
[EventType "swiss"]
[EventRounds "10"]
[EventCountry "ENG"]
[SourceTitle "BritBase"]

1. d4 d5 2. Nf3 c6 3. c4 Nf6 4. Nc3 dxc4 5. a4 Bg4 6. Ne5 Bh5 7. f3 Nfd7 8.
Nxc4 e5 9. e4 Qh4+ 10. g3 Qf6 11. dxe5 Qxf3 12. Nd6+ Kd8 13. Qxf3 Bxf3 14.
Nxf7+ Ke8 15. e6 Nc5 16. Nxh8 Bxh1 17. Be3 Nxe4 18. Nxe4 Bxe4 19. O-O-O Bd5 20.
Bd3 g6 21. Nxg6 hxg6 22. Bxg6+ Kd8 23. Be4 Ke8 24. Bg6+ Kd8 25. Be4 Ke8 26.
Bxd5 cxd5 27. Rxd5 Nc6 28. Rd7 Rc8 29. Kb1 b6 30. Bg5 a5 31. h4 Bc5 32. Rg7 Bf8
33. Rb7 Bc5 34. h5 Nd8 35. Bxd8 Rxd8 36. h6 Rd1+ 37. Kc2 Rh1 38. Rb8+ Ke7 39.
h7 Bd4 40. Kd3 Be5 41. Rxb6 Bxg3 42. Kc4 Bd6 43. Kb5 Rh5+ 44. Ka6 Kxe6 45. h8=Q
Rxh8 46. Kxa5 Kd7 47. Ka6 1/2-1/2

[Event "Lloyds Bank Masters 18th"]
[Site "London"]
[Date "1994.08.25"]
[Round "6"]
[White "Kogan, Artur"]
[Black "Lewis, Andrew P"]
[Result "1-0"]
[WhiteElo "2470"]
[BlackElo "2300"]
[PlyCount "53"]
[EventDate "1994.08.20"]
[EventType "swiss"]
[EventRounds "10"]
[EventCountry "ENG"]
[SourceTitle "BritBase"]

1. d4 Nf6 2. Nf3 g6 3. c4 Bg7 4. Nc3 O-O 5. Bg5 d6 6. e3 Nbd7 7. Qc2 h6 8. Bh4
c6 9. Be2 e5 10. O-O Qe7 11. Rfd1 g5 12. Bg3 Nh5 13. dxe5 Nxg3 14. hxg3 Nxe5
15. Rd2 Be6 16. Nxe5 Bxe5 17. Rad1 g4 18. Bd3 h5 19. f4 Bg7 20. Ne4 Rad8 21.
Nxd6 f5 22. Bxf5 Rxd6 23. Bh7+ Kh8 24. Rxd6 Bd5 25. cxd5 Qxd6 26. dxc6 Qh6 27.
c7 1-0

[Event "Lloyds Bank Masters 18th"]
[Site "London"]
[Date "1994.08.25"]
[Round "6"]
[White "Kumaran, Dharshan"]
[Black "Psakhis, Lev"]
[Result "1/2-1/2"]
[WhiteElo "2495"]
[BlackElo "2605"]
[PlyCount "60"]
[EventDate "1994.08.20"]
[EventType "swiss"]
[EventRounds "10"]
[EventCountry "ENG"]
[SourceTitle "BritBase"]

1. d4 Nf6 2. c4 e6 3. Nc3 Bb4 4. Qc2 O-O 5. a3 Bxc3+ 6. Qxc3 b6 7. Nf3 Bb7 8.
e3 Ne4 9. Qc2 f5 10. Be2 Ng5 11. d5 exd5 12. Nxg5 Qxg5 13. Bf3 c5 14. O-O Qe7
15. Rd1 d6 16. b3 Na6 17. cxd5 Nc7 18. Bb2 Rae8 19. Qc3 Qd7 20. h3 Re7 21. b4
Na6 22. Qc4 Nc7 23. e4 fxe4 24. Bxe4 Qe8 25. f3 Qh5 26. bxc5 bxc5 27. Qd3 Bc8
28. Re1 Ref7 29. Re3 Rf4 30. Rae1 R4f7 1/2-1/2

[Event "Lloyds Bank Masters 18th"]
[Site "London"]
[Date "1994.08.25"]
[Round "6"]
[White "Lau, Ralf"]
[Black "Sareen, Vishal"]
[Result "1/2-1/2"]
[WhiteElo "2515"]
[BlackElo "2310"]
[PlyCount "58"]
[EventDate "1994.08.20"]
[EventType "swiss"]
[EventRounds "10"]
[EventCountry "ENG"]
[SourceTitle "BritBase"]

1. e4 c5 2. Nf3 Nc6 3. d4 cxd4 4. Nxd4 Nf6 5. Nc3 e5 6. Ndb5 d6 7. Bg5 a6 8.
Na3 b5 9. Nd5 Be7 10. Bxf6 Bxf6 11. c3 O-O 12. Nc2 Rb8 13. a3 Bg5 14. g3 Ne7
15. Ncb4 a5 16. Nxe7+ Qxe7 17. Nd5 Qb7 18. Qd3 Be6 19. Rd1 b4 20. cxb4 Bxd5 21.
Qxd5 Qxd5 22. Rxd5 axb4 23. Bb5 Rfc8 24. O-O Bc1 25. axb4 Bxb2 26. Ba6 Rc2 27.
Rxd6 Ba3 28. Rd3 Bxb4 29. Rb1 g6 1/2-1/2

[Event "Lloyds Bank Masters 18th"]
[Site "London"]
[Date "1994.08.25"]
[Round "6"]
[White "Lodhi, Mahmood"]
[Black "Brown, Simon D"]
[Result "1-0"]
[WhiteElo "2450"]
[BlackElo "2295"]
[PlyCount "109"]
[EventDate "1994.08.20"]
[EventType "swiss"]
[EventRounds "10"]
[EventCountry "ENG"]
[SourceTitle "BritBase"]

1. d4 e6 2. c4 d5 3. Nc3 c5 4. cxd5 exd5 5. Nf3 Nf6 6. g3 Nc6 7. Bg2 Be7 8. O-O
O-O 9. Bg5 cxd4 10. Nxd4 h6 11. Be3 Re8 12. Rc1 Be6 13. Na4 Qd7 14. Nc5 Bxc5
15. Rxc5 Bh3 16. Nxc6 bxc6 17. Qa4 Bxg2 18. Kxg2 Ng4 19. Qxc6 Qxc6 20. Rxc6
Nxe3+ 21. fxe3 Rxe3 22. Kf2 Rae8 23. Rc2 R8e7 24. Rd1 R3e5 25. Rd4 f6 26. Rcd2
Rb7 27. b4 Rd7 28. e4 dxe4 29. Rxd7 e3+ 30. Ke2 exd2+ 31. Kxd2 a5 32. a3 h5 33.
Rd4 Kf7 34. Kd3 g5 35. Rd7+ Kg6 36. Ra7 axb4 37. axb4 h4 38. gxh4 gxh4 39. Ra2
f5 40. Rb2 Rb5 41. Kc4 Rb8 42. b5 f4 43. b6 Kf5 44. Kd3 Rb7 45. Rb5+ Kg4 46.
Ke2 Kh3 47. Kf3 Kxh2 48. Rb1 h3 49. Rb4 Kg1 50. Rb2 Kh1 51. Kf2 Kh2 52. Rb1 f3
53. Rb5 Kh1 54. Rb4 Kh2 55. Rb1 1-0

[Event "Lloyds Bank Masters 18th"]
[Site "London"]
[Date "1994.08.25"]
[Round "6"]
[White "Markowski, Tomasz"]
[Black "Gunawan, Ronny"]
[Result "0-1"]
[WhiteElo "2475"]
[BlackElo "2420"]
[PlyCount "76"]
[EventDate "1994.08.20"]
[EventType "swiss"]
[EventRounds "10"]
[EventCountry "ENG"]
[SourceTitle "BritBase"]

1. g3 g6 2. Bg2 Bg7 3. c4 Nf6 4. Nc3 O-O 5. d4 c5 6. e3 Nc6 7. Nge2 d6 8. O-O
Bf5 9. h3 Qc8 10. g4 Bd7 11. dxc5 dxc5 12. Ng3 Rd8 13. Qe2 Be6 14. Bd2 Bxc4 15.
Qxc4 Rxd2 16. Na4 b6 17. Qb5 Ne5 18. b4 a6 19. Qxb6 Nfd7 20. Qb7 Qxb7 21. Bxb7
Rb8 22. Ne4 Nf3+ 23. Kg2 Bxa1 24. Kxf3 Rxa2 25. Naxc5 Nxc5 26. Nxc5 Bc3 27. Rb1
Rb2 28. Rxb2 Bxb2 29. Bxa6 Rxb4 30. Nd3 Rb6 31. Bc4 Kg7 32. Ke2 Bf6 33. f4 Rc6
34. Bd5 Rc2+ 35. Kf3 h6 36. Ne1 Rd2 37. Bc4 Bh4 38. Nd3 Rh2 0-1

[Event "Lloyds Bank Masters 18th"]
[Site "London"]
[Date "1994.08.25"]
[Round "6"]
[White "Marley, Justin C"]
[Black "Webb, Richard M"]
[Result "0-1"]
[WhiteElo "2100"]
[BlackElo "2310"]
[PlyCount "44"]
[EventDate "1994.08.20"]
[EventType "swiss"]
[EventRounds "10"]
[EventCountry "ENG"]
[SourceTitle "BritBase"]

1. e4 c5 2. Nf3 d6 3. d4 cxd4 4. Nxd4 Nf6 5. Nc3 g6 6. Be3 Bg7 7. f3 O-O 8. Qd2
Nc6 9. O-O-O Nxd4 10. Bxd4 Be6 11. g4 Qa5 12. Kb1 Rfc8 13. Bxf6 Rxc3 14. Qxc3
Qxa2+ 15. Kc1 Bxf6 16. Qe3 Qxb2+ 17. Kd2 Rc8 18. Bd3 Bd4 19. Qf4 Bc4 20. Rb1
Qc3+ 21. Ke2 Qxc2+ 22. Qd2 Bxd3+ 0-1